00937cam a2200241 a 450000100100000000500170001000800410002704000290006808200190009710000390011624500490015526000480020430000210025258600470027365000260032065000410034691000280038791000070041504900090042295201220043195201270055399900150068000000881020200929161418.0760428s1975 cu 000 1 spa  aDO-SdBNPbspacLCdBNPHU aU863.44bG152c1 aGaleano, Eduardo H.,d1940-92335613aLa canción de nosotros /cEduardo Galeano. aLa Habana :bCasa de las Américas,c1975. a232 p. ;c20 cm. aPremio Casa de las Américas 1975 novela. 4aNovela uruguaya95679 4aLiteratura uruguayaySIGLO XX916336 aCatalogación derivada aWM aBNGR 001054708MOaGRbGRcHDd2009-09-18iLF1l0oU863.44 G152cp8810-10r2020-06-25w2020-06-25y4ZPréstamo en sala 001053728MOaGRbGRcHDd2009-10-03iLF1l0oU863.44 G152cp8810-20r2020-06-25te.2w2020-06-25y4ZPréstamo en sala c8579d8579